zpět

Detail výsledku týmu

Knajpa Kvatro, Hlinsko

Datum a čas kvízu

31 Celkem bodů Celkový počet nahraných bodů na tomto kvízu bez doplňovacích otázek.
4. Pořadí na kvízu Konečné umístění týmu na tomto kvízu.

Zaznamenané odpovědi

# Otázka Odpověď Body Výsledky
1. „Už mě nebaví se neustále díva... Štěpán Kozub 1
2. Na sociálních sítích jste mohl... B) osla 0
3. Skladba Stairway to Heaven od... Led Zeppelin 0
4. Skladbu kterého slavného již n... Elvise Presleyho 1
5. Tenista Jakub Menšík si připsa... Jannika Sinnera 1
6. Zimní olympiádu v Itálii máme... Alberto Tomba 1
7. Vyberte nepravdivé tvrzení o t... A 1
8. Velký rozruch vyvolala helma u... skeleton 1
9. Seřaďte české olympioničky pod... 1D 2B 3C 4A 1
10. Do ženské kvalifikace týmového... Nazgul 1